LDR 01107naa#a2200229#i#450# 001 RU\\bibl\126652 005 20260702205309.4 011 ## _a2074-9414 100 ## _a20260630b2026####ek#y0rusy0150####ca 101 0# _aRUS 102 ## _aRU 200 1# _aИзоляты белка из обезжиренной гороховой муки: получение и оценка качества _eЖурнальная статья 210 1# _aКемерово _cКемеровский государственный университет _d2026 215 ## _a18 с. 608 ## _aЖурнальная статья _2local 675 ## _aСельское хозяйство. Лесное хозяйство. Охота. Рыбное хозяйство. 63 _zRUS 700 #1 _aГлухарев _gАндрей Юрьевич 700 #1 _aКучина _gЮлия Анатольевна 700 #1 _aДеркач _gСветлана Ростиславовна 700 #1 _aКнязева _gАлександра Сергеевна 700 #1 _aУтьянов _gДмитрий Александрович 856 4# _avestnik-bees.kemsu.ru _u